Điển hay tích lạ /

Salvato in:
Dettagli Bibliografici
Autore principale: Nguyễn Tử Quang
Altri autori: bien tap: Nhat Vinh Ngôn ngữ tiếng Việt 1
Natura: Libro
Lingua:Vietnamese
Pubblicazione: VHTT, 2010.
Soggetti:
Tags: Aggiungi Tag
Nessun Tag, puoi essere il primo ad aggiungerne! !
Thư viện lưu trữ: Mạng thư viện Đại học Đà Nẵng
LEADER 01062cam a22003011a 4500
001 000033240
003 9388
005 20210810090850.0
008 151016s2010 vm 000 vie
041 |a vie 
082 |a 895.92803  |b NG-Q 
100 |a Nguyễn Tử Quang 
245 0 |a Điển hay tích lạ /  |c Nguyễn Tử Quang. 
260 |a VHTT,  |c 2010. 
300 |a 480tr. :  |b 20cm. 
650 |a Nguyễn Tử Quang, Điển hay tích lạ, truyện,2010 
700 |a bien tap:  |b Nhat Vinh  |c Ngôn ngữ tiếng Việt 1 
OWN |a LNN 
902 |a Văn học Việt Nam 
AVA |a UDN50  |b LNN  |d 895.92803 NG-Q  |e available  |t Error 5001 Not defined in file expand_doc_bib_avail.  |f 2  |g 0  |h N  |i 0 
999 |a From the UDN01 
AVA |a UDN50  |b LNN  |d 895.92803 NG-Q  |e available  |t Error 5001 Not defined in file expand_doc_bib_avail.  |f 2  |g 0  |h N  |i 0 
TYP |a Monograph 
980 |a Mạng thư viện Đại học Đà Nẵng